Statistics for Word Ladder - Eagle to Raven

Click here to take the quiz!

General Stats

  • This quiz has been taken 94 times
  • The average score is 8 of 15

Answer Stats

HintAnswer% Correct
American national animal that is baldEagle
100%
Large bird with black plumageRaven
91%
Rescues from dangerSaves
71%
Bottom surfaces of shoesSoles
71%
Speaks irritationallyRaves
68%
Instances of sellingSales
67%
Suffering pains from wounds or bruisesSores
56%
More painfully sensitive to the touchSorer
49%
More free from doubtSurer
48%
Reduce to a thick pulp by cooking and sievingPuree
35%
More free from anything differentPurer
35%
Describe and analyze gramaticallyParse
24%
Gather into small wrinkles or foldsPurse
24%
The cow's lipPagle
21%
Discuss terms with an enemyParle
20%

Score Distribution

Percentile by Number Answered

Percent of People with Each Score

Your Score History

You have not taken this quiz